000 01624nam a2200241Ii 4500
008 221202s xx 000 0 und d
245 0 _aOxford Handbook of Philosophy and Disability
264 _bOxford University Press
_c2018
300 _a1 online resource
336 _atext
_btxt
_2rdacontent
337 _acomputer
_bc
_2rdamedia
338 _aonline resource
_bcr
_2rdacarrier
520 _aThis Handbook introduces philosophers, as well as other scholars in the humanities and social sciences, to one of the most dynamic new areas of philosophical inquiry. Disability raises some of the deepest conceptual and normative issues about human embodiment and well-being; dignity, respect, justice and equality; and personal and social identity. But it also raises pressing practical questions for educational, health, reproductive, and technology policy, and confronts controversial questions about the scope and direction of the human and civil rights movements. The Handbook addresses these issues and more, with contributions from some of the most prominent philosophers in the field. The clarity it brings to these discussions demonstrates fully the continued centrality and importance of philosophical inquiry.
653 _aPhilosophy, Disability, Human Embodiment, Social Identity, Normative, Conceptual, Dignity, Human Well-Being, Civil Rights, Human Rights
700 1 _a0000-0001-7199-7846
700 1 _a0000-0003-3138-4791
700 1 _a600
700 1 _a600
700 1 _aCureton, Adam
700 1 _aWasserman, David
856 _uhttps://library.oapen.org/handle/20.500.12657/56694
942 _cE-BOOK
999 _c64595
_d64595